Mťodos alternativos de resolucin̤ de conflictos en derecho romano Especial referencia a la mediacin̤ /

Detalles Bibliográficos
Autor principal: Vallejo Přez, Gema
Formato: eBook
Lenguaje:español
Publicado: Madrid: Dykinson, 2018
Materias:
Acceso en línea:Acceso restringido

MARC

LEADER 00000nam a22000007a 4500
005 20190517132944.0
007 cr|||| ||||
008 190517s2018 es |||||s|||| 00||0 spa d
020 |a 978-84-1324-113-5 
035 |a 23279 
040 |a vLex 
090 |c 8750  |d 8750 
100 1 |a Vallejo Přez, Gema 
245 1 0 |a Mťodos alternativos de resolucin̤ de conflictos en derecho romano  |h [Recurso electrn̤ico] :  |b Especial referencia a la mediacin̤ /  |c Gema Vallejo Přez 
256 |a Servicio en ln̕ea 
260 |a Madrid:  |b Dykinson,  |c 2018 
300 |a 1 recurso electrn̤ico 
500 |a La monografa̕ que nos presenta la doctora Gema Vallejo Přez, Profesora asociada de Derecho Romano de la Universidad de Len̤, aborda con gran rigor acadm̌ico el anl̀isis de las bases romans̕ticas de la mediacin̤, enriqueciendo el estudio de un tema tan actual con una investigacin̤ exhaustiva de los antecedentes que se encuentran en el m̀bito del derecho romano. Este trabajo de investigacin̤ riguroso y metd̤ico, llamado a convertirse en una obra de referencia en el m̀bito de cualquier anl̀isis jurd̕ico o multidisciplinar referido a la mediacin̤, termina con unas conclusiones valientes, concretas y detalladas, que se plantean incluso el futuro de la mediacin̤ y las necesidades de un mayor esfuerzo por parte de los sujetos implicados, es decir, los mediadores, que debera̕n tener una mayor y mejor cualificacin̤, y la propia administracin̤, representada por el Ministerio de Justicia, en sus funciones de supervisin̤ y control, para dar mayor seguridad jurd̕ica a todo proceso de mediacin̤. (…) Los antecedentes de la mediacin̤ se remontan a nuestro Derecho histr̤ico (Derecho Romano, Derecho Medieval Espaǫl –Las Partidas–) entre otros. En la presente investigacin̤ se ha optado por buscar en el Derecho Romano figuras jurd̕icas que puedan considerarse como elementos inspiradores de la mediacin̤ actual. El Derecho de familia en Roma fue objeto de una regulacin̤ y sistematizacin̤ extraordinaria y, en el mismo, habr ̀que examinar si pueden encontrarse fr̤mulas e instituciones que se orientan en esta misma ln̕ea. Por ello, la presente publicacin̤ tiene por objeto analizar las formas de resolucin̤ de conflictos distintas al proceso contencioso en el Derecho Romano, y poner de manifiesto cm̤o se puede alcanzar un acuerdo entre las partes fuera del m̀bito jurisdiccional en el m̀bito concreto de los conflictos familiares. 
506 1 |a Disponible solo en los productos indicados  |d vLex Global  |d vLex Global (Academic Edition, excluding Law Schools)  |d vLex Global (U.S. Academic Edition, Law Schools)  |d vLex Global (U.S. Academic Edition, excluding Law Schools)  |d vLex Global (Academic Edition, Law Schools) 
650 0 4 |a Derecho Militar  |z Espaą 
740 0 |a vLex Libros (Servicio en ln̕ea) 
856 4 0 |u http://vlex.com/source/metodos-alternativos-de-resolucion-de-conflictos-en-derecho-romano-especial-referencia-a-la-mediacion-23279  |z Acceso restringido 
942 |c BOOK 
999 0 |a Military Law